000 00510nam a2200169Ia 4500
999 _c14530
_d14530
003 OSt
005 20201028130512.0
008 190216s9999||||xx |||||||||||||| ||und||
040 _coclc
082 _a820.9
_bHUD/A
100 _aHudson, William Henry
_95328
245 3 _aAn Outline History Of English Literature /
_cWilliam Henry Hudson
260 _bSurjeet Publications,
_c2002.
_aNew Delhi:
300 _a320p
650 _aEnglish
942 _cBK
_2ddc
_h820.9
_iHUD/A
_k820.9
_mHUD/A